000 01310nam a2200325 c 4500
003 BLK
005 20180422102124.0
008 180408b bul|||||r ||||||| ||bul||
010 _aKNG00061758000
040 _aBLK
041 _aBUL
_cBUL
080 _aФизиология
_b612
_x(075.8)
_z612(075.8)
100 1 _aНачев, Начо Донков
_eпърви автор
_9287415
700 1 _aНачев, Начо Донков
_eред.
_9369585
139 _aФизиология
_bФ 47
245 1 0 _aФизиология
_bУчебник за студенти по медицина и стоматология
_cНачо Донков Начев; ред. Начо Донков Начев.
257 _aBGR
260 София
_bМедицина и физкултура
_c1985
300 _a495 с.
_bс ил.
_c25 см
380 _a61
500 _aДруги авт. : А. Пенчев, А. Николова, Д. Страшимиров, Д. Даскалов, Б. Пирьова.
650 4 _aФизиология - учебници за ВУЗ
_9246602
653 _aфизиология
653 _aучебници за ВУЗ
852 _aЦб 139721
856 4 _qpdf
_u
856 4 _qpdf
_u
942 _cKNG
_n0
944 _aCR
_c13.06.2004
_kЧиталня
944 _aED
_c13.10.2015
_kХристина_Везирева
999 _c57750
_d57750